[Event "IMP Mezczyzn do lat 20"]
[Site "Chotowa"]
[Date "2023.10.31"]
[Round "1.10"]
[White "Meers, Hubert"]
[Black "Marciniak, Leonard"]
[Result "1-0"]
[BlackElo "1856"]
[WhiteElo "2256"]
[LiveChessVersion "1.4.8"]

1. b3 {[%clk 1:30:59]} d5 {[%clk 1:28:02]} 2. Bb2 {[%clk 1:31:18]} Nf6
{[%clk 1:27:55]} 3. Nf3 {[%clk 1:31:31]} c5 {[%clk 1:27:29]} 4. d3
{[%clk 1:31:47]} Nc6 {[%clk 1:27:31]} 5. Nbd2 {[%clk 1:32:05]} d4
{[%clk 1:24:05]} 6. g3 {[%clk 1:24:57]} e5 {[%clk 1:23:41]} 7. Bg2
{[%clk 1:25:17]} Bd6 {[%clk 1:23:09]} 8. O-O {[%clk 1:24:37]} O-O
{[%clk 1:22:15]} 9. Ng5 {[%clk 1:20:53]} Bd7 {[%clk 1:19:57]} 10. c3
{[%clk 1:16:41]} h6 {[%clk 1:16:43]} 11. Nge4 {[%clk 1:17:06]} Nxe4
{[%clk 1:15:12]} 12. Nxe4 {[%clk 1:17:32]} Qe7 {[%clk 1:14:43]} 13. e3
{[%clk 1:15:26]} dxe3 {[%clk 1:03:05]} 14. fxe3 {[%clk 1:15:51]} f5
{[%clk 1:02:58]} 15. Nxd6 {[%clk 1:13:10]} Qxd6 {[%clk 1:03:26]} 16. Qe2
{[%clk 1:12:51]} Rad8 {[%clk 1:02:05]} 17. Rad1 {[%clk 1:13:14]} Be6
{[%clk 0:56:33]} 18. Ba3 {[%clk 1:06:43]} b5 {[%clk 0:43:15]} 19. d4
{[%clk 0:50:37]} b4 {[%clk 0:40:36]} 20. cxb4 {[%clk 0:50:40]} Nxb4
{[%clk 0:35:12]} 21. Qb5 {[%clk 0:49:32]} a6 {[%clk 0:30:23]} 22. Qxc5
{[%clk 0:49:04]} Qxc5 {[%clk 0:28:49]} 23. dxc5 {[%clk 0:49:31]} Rxd1
{[%clk 0:24:06]} 24. Rxd1 {[%clk 0:49:45]} Nxa2 {[%clk 0:18:27]} 25. Rd6
{[%clk 0:43:55]} Bxb3 {[%clk 0:17:50]} 26. Rb6 {[%clk 0:44:07]} Bc4
{[%clk 0:16:50]} 27. c6 {[%clk 0:44:33]} Rc8 {[%clk 0:16:29]} 28. Bd6
{[%clk 0:44:48]} e4 {[%clk 0:15:34]} 29. c7 {[%clk 0:44:45]} Nc3 {[%clk 0:12:02]}
30. Rb8 {[%clk 0:44:44]} Be6 {[%clk 0:11:44]} 31. Bf1 {[%clk 0:45:09]} Nb5
{[%clk 0:11:46]} 32. Bc4 {[%clk 0:45:34]} Bxc4 {[%clk 0:07:55]} 33. Rxc8+
{[%clk 0:46:01]} Kh7 {[%clk 0:08:07]} 34. Rh8+ {[%clk 0:46:28]} 1-0

[Event "IMP Mezczyzn do lat 20"]
[Site "Chotowa"]
[Date "2023.10.31"]
[Round "1.11"]
[White "Pancewicz, Szymon"]
[Black "Kacprzak, Kacper"]
[Result "1/2-1/2"]
[BlackElo "2250"]
[WhiteElo "1853"]
[LiveChessVersion "1.4.8"]

1. Nf3 {[%clk 1:30:54]} Nf6 {[%clk 1:28:06]} 2. b3 {[%clk 1:31:08]} c5
{[%clk 1:26:53]} 3. Bb2 {[%clk 1:31:23]} g6 {[%clk 1:27:03]} 4. e3
{[%clk 1:28:50]} Bg7 {[%clk 1:27:26]} 5. c4 {[%clk 1:27:43]} O-O {[%clk 1:27:47]}
6. Be2 {[%clk 1:26:12]} b6 {[%clk 1:26:00]} 7. O-O {[%clk 1:25:02]} Bb7
{[%clk 1:26:26]} 8. d4 {[%clk 1:23:43]} cxd4 {[%clk 1:26:19]} 9. Nxd4
{[%clk 1:16:43]} Nc6 {[%clk 1:18:07]} 10. Bf3 {[%clk 1:14:17]} Rc8
{[%clk 1:10:09]} 11. Nd2 {[%clk 1:10:20]} d6 {[%clk 0:56:16]} 12. Qe2
{[%clk 1:04:46]} Qd7 {[%clk 0:55:19]} 13. Rfd1 {[%clk 1:01:05]} Nxd4
{[%clk 0:43:46]} 14. Bxd4 {[%clk 0:58:19]} Rfd8 {[%clk 0:42:10]} 15. Bxb7
{[%clk 0:50:06]} Qxb7 {[%clk 0:42:33]} 16. e4 {[%clk 0:49:14]} Nd7
{[%clk 0:30:28]} 17. Bxg7 {[%clk 0:46:17]} Kxg7 {[%clk 0:30:28]} 18. Nf1
{[%clk 0:45:52]} Rc5 {[%clk 0:27:09]} 19. f3 {[%clk 0:42:34]} b5 {[%clk 0:25:13]}
20. cxb5 {[%clk 0:36:51]} Rxb5 {[%clk 0:25:38]} 21. Rac1 {[%clk 0:36:03]} Rc5
{[%clk 0:20:02]} 22. Rxc5 {[%clk 0:30:07]} Nxc5 {[%clk 0:20:31]} 23. Ne3
{[%clk 0:30:11]} Nd7 {[%clk 0:19:39]} 24. Rc1 {[%clk 0:23:51]} Rc8
{[%clk 0:16:20]} 25. Rxc8 {[%clk 0:22:20]} Qxc8 {[%clk 0:16:48]} 26. Qc4
{[%clk 0:22:06]} Qb7 {[%clk 0:15:20]} 27. Nd5 {[%clk 0:18:08]} e6
{[%clk 0:08:52]} 28. Qd4+ {[%clk 0:11:17]} e5 {[%clk 0:08:35]} 29. Qc4
{[%clk 0:10:57]} Nf6 {[%clk 0:06:37]} 30. Nxf6 {[%clk 0:08:14]} Kxf6
{[%clk 0:07:01]} 1/2-1/2

[Event "IMP Mezczyzn do lat 20"]
[Site "Chotowa"]
[Date "2023.10.31"]
[Round "1.12"]
[White "Redzisz, Michal"]
[Black "Zieba, Hubert"]
[Result "1-0"]
[BlackElo "1805"]
[WhiteElo "2228"]
[LiveChessVersion "1.4.8"]

1. d4 {[%clk 1:30:51]} Nf6 {[%clk 1:30:55]} 2. Nf3 {[%clk 1:30:30]} c5
{[%clk 1:31:03]} 3. d5 {[%clk 1:30:55]} e6 {[%clk 1:30:21]} 4. c4
{[%clk 1:31:13]} b5 {[%clk 1:28:27]} 5. dxe6 {[%clk 1:25:49]} fxe6
{[%clk 1:28:51]} 6. cxb5 {[%clk 1:26:17]} a6 {[%clk 1:27:24]} 7. e3
{[%clk 1:16:36]} Be7 {[%clk 1:17:36]} 8. Nbd2 {[%clk 1:07:34]} d5
{[%clk 1:12:51]} 9. b3 {[%clk 1:04:25]} O-O {[%clk 1:07:32]} 10. Bb2
{[%clk 0:54:03]} Nbd7 {[%clk 1:06:01]} 11. Be2 {[%clk 0:44:40]} axb5
{[%clk 1:02:58]} 12. Bxb5 {[%clk 0:45:06]} Qb6 {[%clk 1:02:29]} 13. a4
{[%clk 0:45:15]} Ba6 {[%clk 1:02:22]} 14. Bxa6 {[%clk 0:45:19]} Rxa6
{[%clk 1:02:36]} 15. O-O {[%clk 0:44:49]} Bd6 {[%clk 0:43:02]} 16. e4
{[%clk 0:34:43]} dxe4 {[%clk 0:31:19]} 17. Ng5 {[%clk 0:33:41]} Qc7
{[%clk 0:31:23]} 18. h3 {[%clk 0:22:21]} Bh2+ {[%clk 0:27:43]} 19. Kh1
{[%clk 0:22:45]} Be5 {[%clk 0:26:16]} 20. Qe2 {[%clk 0:21:55]} Rc6
{[%clk 0:18:42]} 21. Ndxe4 {[%clk 0:18:43]} Bxb2 {[%clk 0:16:29]} 22. Qxb2
{[%clk 0:19:10]} h6 {[%clk 0:15:32]} 23. Nxf6+ {[%clk 0:19:37]} Nxf6
{[%clk 0:15:46]} 24. Nf3 {[%clk 0:19:29]} Nd5 {[%clk 0:15:17]} 25. Ne5
{[%clk 0:08:48]} Rb6 {[%clk 0:14:33]} 26. a5 {[%clk 0:08:05]} Rb4
{[%clk 0:12:39]} 27. Nd3 {[%clk 0:05:11]} Rb5 {[%clk 0:12:29]} 28. Qe2
{[%clk 0:05:33]} Qd6 {[%clk 0:10:14]} 29. a6 {[%clk 0:03:27]} Ra8
{[%clk 0:08:59]} 30. Rfc1 {[%clk 0:02:21]} Rxa6 {[%clk 0:07:16]} 31. Rxa6
{[%clk 0:02:43]} Qxa6 {[%clk 0:07:43]} 32. Nxc5 {[%clk 0:02:25]} Qc6
{[%clk 0:06:04]} 33. Nd3 {[%clk 0:02:16]} Qe8 {[%clk 0:04:27]} 34. Qc2
{[%clk 0:00:53]} Nb4 {[%clk 0:03:40]} 35. Nxb4 {[%clk 0:00:57]} Rxb4
{[%clk 0:04:05]} 36. Qd3 {[%clk 0:01:05]} Qb8 {[%clk 0:03:08]} 37. Rc3
{[%clk 0:00:44]} Qb7 {[%clk 0:02:40]} 38. Qd8+ {[%clk 0:00:38]} Kh7
{[%clk 0:03:03]} 39. Qd3+ {[%clk 0:01:07]} Qe4 {[%clk 0:03:22]} 40. Qg3
{[%clk 0:30:42]} Rb5 {[%clk 0:32:50]} 41. Qd3 {[%clk 0:29:42]} Qxd3
{[%clk 0:32:58]} 42. Rxd3 {[%clk 0:30:10]} Rc5 {[%clk 0:32:41]} 43. Kh2
{[%clk 0:29:03]} Rc2 {[%clk 0:33:01]} 44. Kg3 {[%clk 0:29:08]} Kg6
{[%clk 0:32:36]} 45. Kf3 {[%clk 0:27:37]} Kf5 {[%clk 0:32:41]} 46. Ke3
{[%clk 0:27:59]} Ke5 {[%clk 0:32:08]} 47. f4+ {[%clk 0:16:48]} Kf6
{[%clk 0:32:31]} 48. g3 {[%clk 0:15:40]} g5 {[%clk 0:28:54]} 49. fxg5+
{[%clk 0:15:52]} hxg5 {[%clk 0:29:12]} 50. Kd4 {[%clk 0:15:24]} Ke7
{[%clk 0:26:41]} 51. b4 {[%clk 0:12:02]} Rb2 {[%clk 0:25:29]} 52. Kc4
{[%clk 0:11:17]} e5 {[%clk 0:25:36]} 53. Rb3 {[%clk 0:11:42]} Rd2
{[%clk 0:25:38]} 54. b5 {[%clk 0:11:42]} Kd7 {[%clk 0:25:26]} 55. Rd3+
{[%clk 0:12:10]} 1-0

[Event "IMP Mezczyzn do lat 20"]
[Site "Chotowa"]
[Date "2023.10.31"]
[Round "1.13"]
[White "Walaszczyk, Aleksander"]
[Black "Dziewonski, Dariusz"]
[Result "0-1"]
[BlackElo "2218"]
[WhiteElo "1731"]
[LiveChessVersion "1.4.8"]

1. e4 {[%clk 1:30:56]} e5 {[%clk 1:30:57]} 2. Nf3 {[%clk 1:31:17]} Nc6
{[%clk 1:31:23]} 3. Bb5 {[%clk 1:31:32]} a6 {[%clk 1:31:47]} 4. Ba4
{[%clk 1:31:57]} Nf6 {[%clk 1:32:12]} 5. O-O {[%clk 1:32:17]} b5 {[%clk 1:32:33]}
6. Bb3 {[%clk 1:32:41]} Bc5 {[%clk 1:33:00]} 7. c3 {[%clk 1:32:34]} d6
{[%clk 1:33:23]} 8. a4 {[%clk 1:32:53]} Rb8 {[%clk 1:33:27]} 9. d4
{[%clk 1:33:14]} Bb6 {[%clk 1:33:47]} 10. a5 {[%clk 1:33:28]} Ba7
{[%clk 1:34:08]} 11. h3 {[%clk 1:33:42]} Bb7 {[%clk 1:33:03]} 12. Be3
{[%clk 1:33:49]} Ra8 {[%clk 1:29:43]} 13. Re1 {[%clk 1:24:02]} O-O
{[%clk 1:27:52]} 14. Nbd2 {[%clk 1:09:14]} Re8 {[%clk 1:20:25]} 15. dxe5
{[%clk 1:03:53]} Nxe5 {[%clk 1:16:11]} 16. Nxe5 {[%clk 1:02:00]} dxe5
{[%clk 1:14:06]} 17. Bxa7 {[%clk 1:00:03]} Rxa7 {[%clk 1:14:30]} 18. Bc2
{[%clk 0:47:43]} c5 {[%clk 1:10:26]} 19. Nf1 {[%clk 0:46:36]} Bc6
{[%clk 1:05:19]} 20. Qxd8 {[%clk 0:43:38]} Rxd8 {[%clk 1:04:40]} 21. Rad1
{[%clk 0:36:44]} Rad7 {[%clk 1:02:56]} 22. f3 {[%clk 0:35:18]} c4
{[%clk 0:36:03]} 23. Rxd7 {[%clk 0:31:26]} Rxd7 {[%clk 0:36:26]} 24. Rd1
{[%clk 0:24:37]} Rxd1 {[%clk 0:29:40]} 25. Bxd1 {[%clk 0:25:01]} Nd7
{[%clk 0:30:00]} 26. Nd2 {[%clk 0:23:48]} Nc5 {[%clk 0:30:11]} 27. b3
{[%clk 0:19:27]} cxb3 {[%clk 0:29:53]} 28. Nxb3 {[%clk 0:17:13]} Na4
{[%clk 0:29:42]} 29. Bc2 {[%clk 0:17:32]} Bd7 {[%clk 0:27:07]} 30. c4
{[%clk 0:14:39]} bxc4 {[%clk 0:26:01]} 31. Nd2 {[%clk 0:15:02]} Nb2
{[%clk 0:25:32]} 32. Kf2 {[%clk 0:14:03]} Kf8 {[%clk 0:23:28]} 33. Ke3
{[%clk 0:14:04]} Ke7 {[%clk 0:21:54]} 34. Nb1 {[%clk 0:13:50]} Kd6
{[%clk 0:20:07]} 35. Kd2 {[%clk 0:12:35]} Kc5 {[%clk 0:13:56]} 36. Kc3
{[%clk 0:12:46]} Na4+ {[%clk 0:14:11]} 37. Bxa4 {[%clk 0:13:04]} Bxa4
{[%clk 0:14:36]} 38. Na3 {[%clk 0:11:41]} Bb3 {[%clk 0:14:54]} 39. h4
{[%clk 0:11:54]} f6 {[%clk 0:13:16]} 40. h5 {[%clk 0:40:36]} h6 {[%clk 0:43:18]}
41. g3 {[%clk 0:39:18]} Bd1 {[%clk 0:42:26]} 42. f4 {[%clk 0:39:30]} exf4
{[%clk 0:29:55]} 43. gxf4 {[%clk 0:39:46]} Be2 {[%clk 0:29:22]} 44. e5
{[%clk 0:38:30]} fxe5 {[%clk 0:27:15]} 45. fxe5 {[%clk 0:38:53]} Kd5
{[%clk 0:17:31]} 46. Nc2 {[%clk 0:39:01]} Bxh5 {[%clk 0:15:46]} 47. Nb4+
{[%clk 0:36:57]} Kxe5 {[%clk 0:16:08]} 48. Nxa6 {[%clk 0:37:20]} Bf3
{[%clk 0:15:26]} 0-1

[Event "IMP Mezczyzn do lat 20"]
[Site "Chotowa"]
[Date "2023.10.31"]
[Round "1.14"]
[White "Golecki, Jan"]
[Black "Kraczek, Cezary"]
[Result "0-1"]
[BlackElo "1707"]
[WhiteElo "2183"]
[LiveChessVersion "1.4.8"]

1. e4 {[%clk 1:30:55]} Nf6 {[%clk 1:30:43]} 2. e5 {[%clk 1:31:20]} Nd5
{[%clk 1:31:07]} 3. d4 {[%clk 1:31:45]} d6 {[%clk 1:31:23]} 4. Nf3
{[%clk 1:32:09]} dxe5 {[%clk 1:29:55]} 5. Nxe5 {[%clk 1:32:34]} c6
{[%clk 1:29:35]} 6. Be2 {[%clk 1:32:58]} Nd7 {[%clk 1:28:19]} 7. Nf3
{[%clk 1:33:19]} N7f6 {[%clk 1:27:30]} 8. O-O {[%clk 1:33:41]} Bf5
{[%clk 1:21:47]} 9. Nh4 {[%clk 1:34:02]} Bg6 {[%clk 1:19:16]} 10. c4
{[%clk 1:34:26]} Nb6 {[%clk 1:17:58]} 11. Nc3 {[%clk 1:34:51]} e6
{[%clk 1:16:52]} 12. g3 {[%clk 1:32:29]} Be7 {[%clk 1:14:30]} 13. Nxg6
{[%clk 1:30:26]} hxg6 {[%clk 1:14:44]} 14. Be3 {[%clk 1:30:50]} Qd7
{[%clk 1:07:10]} 15. a4 {[%clk 1:30:40]} e5 {[%clk 0:57:58]} 16. h4
{[%clk 1:30:50]} exd4 {[%clk 0:56:49]} 17. Qxd4 {[%clk 1:31:11]} Qxd4
{[%clk 0:51:35]} 18. Bxd4 {[%clk 1:31:39]} Nbd7 {[%clk 0:51:38]} 19. Bf3
{[%clk 1:31:34]} O-O {[%clk 0:48:10]} 20. a5 {[%clk 1:28:13]} Nc5
{[%clk 0:45:14]} 21. Bxc5 {[%clk 1:20:09]} Bxc5 {[%clk 0:45:42]} 22. a6
{[%clk 1:20:31]} Rab8 {[%clk 0:37:49]} 23. axb7 {[%clk 1:14:41]} Rxb7
{[%clk 0:38:05]} 24. Bxc6 {[%clk 1:14:36]} Rc7 {[%clk 0:36:36]} 25. Bd5
{[%clk 1:06:53]} Rb8 {[%clk 0:34:52]} 26. Ra2 {[%clk 0:56:57]} Bd4
{[%clk 0:28:45]} 27. Nb5 {[%clk 0:39:43]} Nxd5 {[%clk 0:25:49]} 28. Nxc7
{[%clk 0:36:53]} Nxc7 {[%clk 0:26:11]} 29. Rb1 {[%clk 0:37:10]} Rb3
{[%clk 0:23:06]} 30. Ra3 {[%clk 0:37:04]} Rb4 {[%clk 0:21:51]} 31. b3
{[%clk 0:35:26]} Kf8 {[%clk 0:21:09]} 32. Kg2 {[%clk 0:32:13]} Ne6
{[%clk 0:20:43]} 33. f4 {[%clk 0:28:24]} Ke7 {[%clk 0:19:03]} 34. Kf3
{[%clk 0:25:47]} Bc5 {[%clk 0:18:17]} 35. g4 {[%clk 0:18:13]} f5 {[%clk 0:16:42]}
36. Ra5 {[%clk 0:05:43]} Bb6 {[%clk 0:11:14]} 37. Re5 {[%clk 0:06:07]} Bc7
{[%clk 0:10:54]} 38. Re3 {[%clk 0:06:02]} Kf7 {[%clk 0:10:09]} 39. Rd1
{[%clk 0:06:20]} Ke7 {[%clk 0:06:25]} 40. Rde1 {[%clk 0:33:29]} Rb6
{[%clk 0:35:38]} 41. c5 {[%clk 0:31:48]} Rc6 {[%clk 0:34:33]} 42. b4
{[%clk 0:31:32]} a6 {[%clk 0:34:45]} 43. Rd3 {[%clk 0:24:52]} fxg4+
{[%clk 0:28:29]} 44. Kxg4 {[%clk 0:25:16]} Kf6 {[%clk 0:25:01]} 45. Rd5
{[%clk 0:22:42]} Nxf4 {[%clk 0:16:38]} 46. Rf1 {[%clk 0:21:45]} Ke6
{[%clk 0:16:24]} 47. Rg5 {[%clk 0:22:00]} Nh5 {[%clk 0:15:33]} 48. Rxg6+
{[%clk 0:21:34]} Nf6+ {[%clk 0:15:21]} 49. Kg5 {[%clk 0:16:47]} Kf7
{[%clk 0:14:26]} 50. h5 {[%clk 0:05:27]} a5 {[%clk 0:11:25]} 51. h6
{[%clk 0:05:25]} gxh6+ {[%clk 0:11:23]} 52. Rxh6 {[%clk 0:05:47]} Bd8
{[%clk 0:11:04]} 53. bxa5 {[%clk 0:04:06]} Rxc5+ {[%clk 0:10:14]} 54. Rf5
{[%clk 0:04:32]} Rc4 {[%clk 0:09:01]} 55. Rh4 {[%clk 0:02:47]} Rc1
{[%clk 0:09:01]} 56. Ra4 {[%clk 0:01:10]} Rh1 {[%clk 0:08:30]} 57. Rxf6+
{[%clk 0:00:32]} Bxf6+ {[%clk 0:08:58]} 58. Kf5 {[%clk 0:00:55]} Rh5+
{[%clk 0:09:13]} 0-1

[Event "IMP Mezczyzn do lat 20"]
[Site "Chotowa"]
[Date "2023.10.31"]
[Round "1.15"]
[White "Haladaj, Adam"]
[Black "Rog, Bartlomiej"]
[Result "0-1"]
[BlackElo "2168"]
[WhiteElo "1611"]
[LiveChessVersion "1.4.8"]

1. e4 {[%clk 1:30:58]} Nc6 {[%clk 1:30:27]} 2. d4 {[%clk 1:30:36]} d5
{[%clk 1:30:41]} 3. e5 {[%clk 1:28:35]} Bf5 {[%clk 1:30:59]} 4. c3
{[%clk 1:28:27]} f6 {[%clk 1:31:18]} 5. exf6 {[%clk 1:27:53]} gxf6
{[%clk 1:31:16]} 6. Nf3 {[%clk 1:27:31]} Qd7 {[%clk 1:27:44]} 7. Bf4
{[%clk 1:27:00]} O-O-O {[%clk 1:25:50]} 8. Bb5 {[%clk 1:26:08]} e6
{[%clk 1:26:09]} 9. O-O {[%clk 1:25:56]} Bd6 {[%clk 1:18:39]} 10. Bg3
{[%clk 1:26:06]} Nge7 {[%clk 1:17:38]} 11. Nbd2 {[%clk 1:25:38]} Rdg8
{[%clk 0:58:38]} 12. Re1 {[%clk 1:23:51]} h5 {[%clk 0:52:57]} 13. Nh4
{[%clk 1:20:20]} Bg4 {[%clk 0:52:29]} 14. f3 {[%clk 1:14:27]} Bxg3
{[%clk 0:49:53]} 15. hxg3 {[%clk 1:14:55]} Bf5 {[%clk 0:48:00]} 16. Nf1
{[%clk 1:15:23]} Qd6 {[%clk 0:41:25]} 17. Qe2 {[%clk 1:15:07]} Nd8
{[%clk 0:40:42]} 18. Bd3 {[%clk 1:11:16]} Bxd3 {[%clk 0:38:30]} 19. Qxd3
{[%clk 1:11:40]} Rxg3 {[%clk 0:37:10]} 20. Kf2 {[%clk 1:03:15]} Rhg8
{[%clk 0:36:29]} 21. Ke2 {[%clk 0:58:51]} Ng6 {[%clk 0:34:50]} 22. Nxg6
{[%clk 0:58:04]} Rxg2+ {[%clk 0:35:10]} 23. Kd1 {[%clk 0:58:29]} R8xg6
{[%clk 0:34:50]} 24. Ne3 {[%clk 0:58:25]} Rg1 {[%clk 0:33:23]} 25. Kc2
{[%clk 0:58:17]} Rxe1 {[%clk 0:32:05]} 26. Rxe1 {[%clk 0:58:41]} Qg3
{[%clk 0:32:22]} 27. Rf1 {[%clk 0:58:54]} f5 {[%clk 0:31:48]} 28. Kb3
{[%clk 0:58:23]} h4 {[%clk 0:31:03]} 29. Qe2 {[%clk 0:57:29]} h3 {[%clk 0:31:24]}
30. Rf2 {[%clk 0:57:42]} Rh6 {[%clk 0:29:34]} 31. Nf1 {[%clk 0:57:45]} Qf4
{[%clk 0:28:56]} 32. a3 {[%clk 0:57:22]} Nc6 {[%clk 0:28:22]} 33. Ka2
{[%clk 0:57:10]} a6 {[%clk 0:26:50]} 34. Nh2 {[%clk 0:57:23]} Kb8
{[%clk 0:26:52]} 35. Qd3 {[%clk 0:54:28]} Rg6 {[%clk 0:25:51]} 36. Qf1
{[%clk 0:52:09]} Rg3 {[%clk 0:26:12]} 37. Re2 {[%clk 0:51:46]} e5
{[%clk 0:26:06]} 38. dxe5 {[%clk 0:52:10]} Qc4+ {[%clk 0:26:20]} 39. b3
{[%clk 0:51:08]} Qxe2+ {[%clk 0:25:32]} 40. Qxe2 {[%clk 1:21:21]} Rg2
{[%clk 0:55:56]} 0-1

[Event "IMP Mezczyzn do lat 20"]
[Site "Chotowa"]
[Date "2023.10.31"]
[Round "1.16"]
[White "Zalega, Maciej"]
[Black "Stachowicz, Hubert"]
[Result "0-1"]
[BlackElo "1583"]
[WhiteElo "2155"]
[LiveChessVersion "1.4.8"]

1. e4 {[%clk 1:30:57]} c5 {[%clk 1:30:58]} 2. Nf3 {[%clk 1:31:22]} e6
{[%clk 1:31:21]} 3. d4 {[%clk 1:31:42]} cxd4 {[%clk 1:31:48]} 4. Nxd4
{[%clk 1:32:05]} Nf6 {[%clk 1:32:02]} 5. Nc3 {[%clk 1:31:59]} Nc6
{[%clk 1:32:24]} 6. Be2 {[%clk 1:30:13]} Bb4 {[%clk 1:32:40]} 7. O-O
{[%clk 1:29:42]} Bxc3 {[%clk 1:29:22]} 8. bxc3 {[%clk 1:30:08]} Nxe4
{[%clk 1:24:06]} 9. Bd3 {[%clk 1:30:36]} Nxc3 {[%clk 1:17:07]} 10. Qg4
{[%clk 1:31:02]} Nd5 {[%clk 0:35:35]} 11. Qxg7 {[%clk 1:14:20]} Qf6
{[%clk 0:34:27]} 12. Qxf6 {[%clk 1:13:51]} Nxf6 {[%clk 0:34:55]} 13. Nb5
{[%clk 1:14:11]} O-O {[%clk 0:31:24]} 14. Ba3 {[%clk 0:43:31]} Rd8
{[%clk 0:31:44]} 15. Nc7 {[%clk 0:43:42]} Rb8 {[%clk 0:31:43]} 16. Bd6
{[%clk 0:44:09]} b6 {[%clk 0:26:22]} 17. a4 {[%clk 0:33:57]} Bb7 {[%clk 0:24:11]}
18. Rfe1 {[%clk 0:29:22]} Nh5 {[%clk 0:16:57]} 19. Rad1 {[%clk 0:24:26]} Rbc8
{[%clk 0:14:45]} 20. Re3 {[%clk 0:21:55]} f5 {[%clk 0:13:53]} 21. Bb5
{[%clk 0:18:25]} Kf7 {[%clk 0:12:42]} 22. Bc4 {[%clk 0:11:20]} Ng7
{[%clk 0:02:38]} 23. Ba2 {[%clk 0:08:05]} Ne7 {[%clk 0:00:51]} 24. Bb3
{[%clk 0:04:45]} Bc6 {[%clk 0:00:45]} 25. Red3 {[%clk 0:04:05]} Ne8
{[%clk 0:00:58]} 26. Na6 {[%clk 0:02:08]} Nxd6 {[%clk 0:01:07]} 27. Rxd6
{[%clk 0:02:37]} Bd5 {[%clk 0:00:44]} 28. g3 {[%clk 0:01:42]} Bxb3
{[%clk 0:01:01]} 29. cxb3 {[%clk 0:02:11]} Nd5 {[%clk 0:01:15]} 30. Re1
{[%clk 0:02:09]} Rc3 {[%clk 0:01:14]} 31. b4 {[%clk 0:02:37]} Rc4
{[%clk 0:01:18]} 32. a5 {[%clk 0:02:55]} Nxb4 {[%clk 0:01:09]} 33. Nxb4
{[%clk 0:02:41]} Rxb4 {[%clk 0:01:27]} 34. Rc1 {[%clk 0:02:46]} Ke7
{[%clk 0:01:44]} 35. Rd3 {[%clk 0:03:08]} bxa5 {[%clk 0:01:39]} 36. Rc7
{[%clk 0:03:29]} a6 {[%clk 0:01:59]} 37. Ra7 {[%clk 0:03:56]} Rb6
{[%clk 0:01:59]} 38. Rd4 {[%clk 0:04:18]} Rb4 {[%clk 0:01:57]} 39. Rd3
{[%clk 0:04:43]} Rb6 {[%clk 0:01:29]} 40. Rd4 {[%clk 0:35:09]} e5
{[%clk 0:31:17]} 41. Rd5 {[%clk 0:35:36]} Ke6 {[%clk 0:31:28]} 42. Rxa5
{[%clk 0:36:01]} Rc8 {[%clk 0:31:03]} 43. R5xa6 {[%clk 0:35:36]} Rxa6
{[%clk 0:31:26]} 44. Rxa6+ {[%clk 0:36:03]} Rc6 {[%clk 0:31:42]} 45. Ra7
{[%clk 0:36:30]} h6 {[%clk 0:32:01]} 46. Kf1 {[%clk 0:36:34]} e4 {[%clk 0:32:23]}
47. Ra8 {[%clk 0:36:30]} d5 {[%clk 0:31:29]} 48. Ke2 {[%clk 0:36:37]} d4
{[%clk 0:31:50]} 49. Re8+ {[%clk 0:36:01]} Kd5 {[%clk 0:32:06]} 50. Rf8
{[%clk 0:36:28]} Rc2+ {[%clk 0:32:02]} 51. Ke1 {[%clk 0:36:44]} Kc4
{[%clk 0:32:02]} 52. Rxf5 {[%clk 0:36:32]} Kd3 {[%clk 0:32:17]} 53. Kf1
{[%clk 0:36:29]} e3 {[%clk 0:26:31]} 54. fxe3 {[%clk 0:36:41]} Rc1+
{[%clk 0:26:51]} 55. Kg2 {[%clk 0:36:51]} dxe3 {[%clk 0:26:12]} 56. Rf1
{[%clk 0:32:41]} Rxf1 {[%clk 0:26:25]} 0-1

[Event "IMP Mezczyzn do lat 20"]
[Site "Chotowa"]
[Date "2023.10.31"]
[Round "1.17"]
[White "Labedz, Dawid"]
[Black "Pniaczek, Marek"]
[Result "1/2-1/2"]
[BlackElo "2143"]
[WhiteElo "1579"]
[LiveChessVersion "1.4.8"]

1. e4 {[%clk 1:30:57]} c5 {[%clk 1:30:56]} 2. Nf3 {[%clk 1:31:19]} e6
{[%clk 1:31:22]} 3. d4 {[%clk 1:31:43]} cxd4 {[%clk 1:31:48]} 4. Nxd4
{[%clk 1:32:09]} Nc6 {[%clk 1:32:15]} 5. Nb5 {[%clk 1:31:23]} d6 {[%clk 1:32:06]}
6. c4 {[%clk 1:31:22]} Nf6 {[%clk 1:32:12]} 7. N1c3 {[%clk 1:30:33]} a6
{[%clk 1:32:35]} 8. Na3 {[%clk 1:25:49]} Qa5 {[%clk 1:31:12]} 9. Bd2
{[%clk 1:19:56]} Be7 {[%clk 1:30:45]} 10. Be2 {[%clk 1:13:25]} Qe5
{[%clk 1:29:26]} 11. f4 {[%clk 1:04:07]} Qc5 {[%clk 1:26:12]} 12. Nc2
{[%clk 0:59:13]} Nd4 {[%clk 1:13:47]} 13. Nxd4 {[%clk 0:50:15]} Qxd4
{[%clk 1:14:11]} 14. Qc1 {[%clk 0:49:30]} Qc5 {[%clk 1:13:08]} 15. Be3
{[%clk 0:47:45]} Qc7 {[%clk 1:08:22]} 16. O-O {[%clk 0:46:02]} Bd7
{[%clk 1:07:24]} 17. Qd2 {[%clk 0:45:01]} O-O {[%clk 1:04:06]} 18. Rac1
{[%clk 0:40:09]} Rac8 {[%clk 1:02:49]} 19. b3 {[%clk 0:37:15]} Bc6
{[%clk 0:43:09]} 20. Bf3 {[%clk 0:35:44]} Qb8 {[%clk 0:41:32]} 21. g4 b5
{[%clk 0:37:17]} 22. cxb5 {[%clk 0:18:29]} axb5 {[%clk 0:37:37]} 23. g5
{[%clk 0:17:58]} Nd7 {[%clk 0:34:14]} 24. Qg2 {[%clk 0:17:26]} Rfe8
{[%clk 0:27:10]} 25. Ne2 {[%clk 0:16:47]} Ba8 {[%clk 0:20:58]} 26. h4
{[%clk 0:15:27]} Rxc1 {[%clk 0:20:57]} 27. Rxc1 {[%clk 0:15:17]} Rc8
{[%clk 0:21:03]} 28. h5 {[%clk 0:14:40]} Rxc1+ {[%clk 0:20:12]} 29. Nxc1
{[%clk 0:15:07]} Bd8 {[%clk 0:18:37]} 30. Qf2 {[%clk 0:14:13]} Bb6
{[%clk 0:11:55]} 31. Nd3 {[%clk 0:14:00]} Bxe3 {[%clk 0:11:09]} 32. Qxe3
{[%clk 0:14:28]} Qc7 33. Qd2 {[%clk 0:14:16]} e5 {[%clk 0:09:40]} 34. f5
{[%clk 0:13:03]} f6 {[%clk 0:06:02]} 35. h6 {[%clk 0:10:18]} fxg5
{[%clk 0:05:07]} 36. Qxg5 {[%clk 0:09:28]} Nf6 {[%clk 0:05:20]} 37. Nf2
{[%clk 0:08:37]} Kf8 {[%clk 0:04:26]} 38. Kf1 {[%clk 0:07:37]} b4
{[%clk 0:04:15]} 39. hxg7+ {[%clk 0:05:26]} Qxg7 {[%clk 0:04:41]} 40. Qd2
{[%clk 0:34:48]} Qc7 {[%clk 0:34:30]} 41. Qxb4 {[%clk 0:33:47]} Bb7
{[%clk 0:34:40]} 42. Qd2 {[%clk 0:32:31]} Ba6+ {[%clk 0:34:43]} 43. Be2
{[%clk 0:32:42]} Bxe2+ {[%clk 0:34:54]} 44. Kxe2 {[%clk 0:32:58]} Qc6
{[%clk 0:34:35]} 45. Qd3 {[%clk 0:29:09]} d5 {[%clk 0:34:14]} 46. Kf3 Qd7
{[%clk 0:29:39]} 47. Ke2 {[%clk 0:24:07]} Qc6 {[%clk 0:30:03]} 48. exd5
{[%clk 0:23:00]} Nxd5 {[%clk 0:30:27]} 49. Kd2 {[%clk 0:22:01]} Qc5
{[%clk 0:28:16]} 50. Ne4 {[%clk 0:19:43]} Qb4+ {[%clk 0:28:28]} 51. Kc2
{[%clk 0:19:38]} Qa5 {[%clk 0:24:33]} 52. Kc1 {[%clk 0:15:12]} Qa3+
{[%clk 0:23:44]} 53. Kb1 {[%clk 0:15:17]} Qa5 {[%clk 0:22:43]} 54. Qd2
{[%clk 0:13:11]} Qxd2 {[%clk 0:21:59]} 55. Nxd2 {[%clk 0:13:39]} h5
{[%clk 0:22:23]} 56. Ne4 {[%clk 0:12:09]} h4 {[%clk 0:22:40]} 57. a4
{[%clk 0:12:05]} h3 {[%clk 0:23:00]} 58. Kc1 {[%clk 0:11:01]} h2 {[%clk 0:22:02]}
59. Nf2 {[%clk 0:10:01]} e4 {[%clk 0:18:20]} 60. Nh1 {[%clk 0:09:11]} Ke7
{[%clk 0:16:40]} 61. Ng3 {[%clk 0:07:57]} Kf6 {[%clk 0:10:01]} 62. Kd2
{[%clk 0:07:50]} Ke5 {[%clk 0:09:48]} 63. Ke2 {[%clk 0:07:32]} Ne7
{[%clk 0:09:25]} 64. f6 {[%clk 0:03:19]} Nf5 {[%clk 0:09:25]} 65. Nh1
{[%clk 0:02:49]} Kxf6 {[%clk 0:09:54]} 66. a5 {[%clk 0:02:09]} Ke5
{[%clk 0:08:31]} 67. a6 {[%clk 0:01:41]} Nd4+ {[%clk 0:08:56]} 68. Ke3
{[%clk 0:01:47]} Nb5 {[%clk 0:08:53]} 69. Nf2 {[%clk 0:01:35]} Kd5
{[%clk 0:09:05]} 70. Nh1 {[%clk 0:01:07]} Na7 {[%clk 0:08:37]} 71. Nf2 1/2-1/2